[Event "Eschborn op 08th"]
[Site "Eschborn"]
[Date "2011.05.15"]
[Round "4"]
[White "Sernetz, Jakob"]
[Black "Traut, Stefan"]
[Result "1/2-1/2"]
[WhiteElo "1533"]
[BlackElo "1811"]
[PlyCount "61"]
[EventDate "2011.05.13"]
[EventType "swiss"]
[EventRounds "5"]
[EventCountry "GER"]
[SourceTitle "EXT 2014"]
[Source "ChessBase"]
[SourceDate "2013.11.20"]
[SourceVersion "1"]
[SourceVersionDate "2013.11.20"]
[SourceQuality "1"]

1. e4 c5 2. Nc3 Nc6 3. Bb5 Nd4 4. Bc4 a6 5. d3 g6 6. Nge2 Nc6 7. 0-0 Bg7 8. f4 e6 9. Be3 b6 10. Bb3 Nge7 11. Bd2 0-0 12. Qe1 d5 13. a3 Bb7 14. Ng3 Nd4 15. Nge2 Nxb3 16. cxb3 Rc8 17. Rd1 f5 18. e5 d4 19. Nb1 Qd5 20. Qg3 Qxb3 21. Bc1 Qd5 22. Nd2 b5 23. Rf3 Qd8 24. Rf2 Nd5 25. Nf3 Qe7 26. h4 Kh8 27. Kh2 Rg8 28. Rh1 Bf8 29. Kg1 Qg7 30. Ng5 Re8 31. h5 1/2-1/2